Turniej Czterech Skoczni - ciekawostki - Statystyki

Ogólne statystyki
  • Ten quiz został rozwiązany 94 razy
  • Średni wynik to 7 z 10
Statystyki odpowiedzi
Zagadnienie Odpowiedź % Poprawnych
Czy było kiedykolwiek w tym turnieju tak, że wygrało co najmniej 2 skoczków? Tak
100%
Czy udało się jakiemuś skoczkowi wygrać co najmniej 10 konkursów w TCS'ie? Tak
100%
Ilu polskim skoczkom udało się wygrać? 3
86%
Wiadomo, że najwięcej złotych medali olimpijskich zdobywał Simon Ammann, a z mistrzostw świata - Adam Małysz. A jaki skoczek zwyciężał najwięcej razy ten noworoczny turniej? Janne Ahonen
86%
Czy udało się wygrać kiedykolwiek skoczkowi z reprezentacji Kanady? Nie
86%
Czy było tak kiedykolwiek, że skoczek wygrał 3 konkursy, a mimo tego nie stanął na 1 miejscu w ogólnej klasyfikacji? Tak
86%
Który TCS odbywa się w tym sezonie? ( 2021/22 ) 70
57%
Z ilu państw skoczkowie wygrywali caly cykl tego turnieju? 9
57%
Reprezentant jakiego kraju wygrał 1. W historii Turniej czterech skoczni? Austria
29%
Ile było skoczków w historii, którzy nie wygrywali żadnego konkursu, ale udało im się wygrać całą klasyfikację turnieju? 8
0%
Nie znaleziono quizów pasujących do podanych kryteriów
Rozkład punktacji
Procent ludzi z każdym wynikiem
Percentyl według liczby udzielonych odpowiedzi
Twoja historia wyników
Nie rozwiązałeś tego quizu